000 00263nam a22001217a 4500
008 170213b xxu||||| |||| 00| 0 eng d
041 _aeng
080 _a61
100 _a4
101 _aSHM
245 _aEQUINE MEDICINE & SURGERY
_cMANSMAN, R.A
942 _2udc
_cBK
999 _c5247
_d5247